Logo Biblioteca

Un ataúd en forma de auto deportivo / (Registro nro. 487)

Detalles MARC
000 -LEADER
fixed length control field 00594nam a22002177a 4500
003 - CONTROL NUMBER IDENTIFIER
control field OSt
005 - DATE AND TIME OF LATEST TRANSACTION
control field 20250919152302.0
008 - FIXED-LENGTH DATA ELEMENTS--GENERAL INFORMATION
fixed length control field 250515t2023 ag ||||r|||| 00| p spa d
020 ## - INTERNATIONAL STANDARD BOOK NUMBER
International Standard Book Number 978-987-8429-29-8
040 ## - CATALOGING SOURCE
Transcribing agency besoc
082 ## - DEWEY DECIMAL CLASSIFICATION NUMBER
Edition number 82-1(821.6)
100 1# - MAIN ENTRY--PERSONAL NAME
Personal name Yeah, Andrés.
Relator term autor
245 13 - TITLE STATEMENT
Title Un ataúd en forma de auto deportivo /
Statement of responsibility, etc. Andrés Yeah.
250 ## - EDITION STATEMENT
Edition statement 1a ed.
260 ## - PUBLICATION, DISTRIBUTION, ETC.
Place of publication, distribution, etc. Rosario :
Name of publisher, distributor, etc. Editorial Municiapl de Rosario,
Date of publication, distribution, etc. 2023.
300 ## - PHYSICAL DESCRIPTION
Extent 84 p. ;
Dimensions 21 cm.
490 0# - SERIES STATEMENT
Series statement Poesía ;
Volume/sequential designation 45
650 #4 - SUBJECT ADDED ENTRY--TOPICAL TERM
Topical term or geographic name entry element Literatura
Chronological subdivision Siglo XXI
Geographic subdivision Argentina
655 #4 - INDEX TERM--GENRE/FORM
Genre/form data or focus term Poesía
942 ## - ADDED ENTRY ELEMENTS (KOHA)
Source of classification or shelving scheme Universal Decimal Classification
Koha item type Libro de préstamo a domicilio
Suppress in OPAC No
Existencias
Withdrawn status Lost status Source of classification or shelving scheme Damaged status Not for loan Collection Home library Current library Date acquired Source of acquisition Total checkouts Full call number Barcode Date last seen Date last checked out Price effective from Koha item type
    Universal Decimal Classification     Colección General Biblioteca Escuela de Ciencias Sociales Biblioteca Escuela de Ciencias Sociales 15/05/2025 Donación 2025 1 82-1(821.6) Y37 001435 01/06/2026 14/05/2026 15/05/2025 Libro de préstamo a domicilio
Biblioteca de la Escuela Preuniversitaria en Ciencias Sociales y Humanísticas.
Riobamba 250 bis.
CP 2000 - Rosario - Santa Fe
E-Mail: biblioteca@esociales.unr.edu.ar